000 00488pam a2200169 i 4500
020 _a0275237702 :
040 _cDLC
082 0 0 _a338 PRA 1977 A068 Or.
245 0 0 _aWorld food prospects and agricultural potential /
260 _aNew York :
_bPraeger,
_c1977.
300 _axvi, 316 p. :
_bill. ;
_c24 cm.
490 0 _aPraeger special studies in international economics and development
650 0 _aFood supply.
650 0 _aAgriculture
700 1 _aChou, Marylin,
942 _cEK
999 _c14778
_d14778